000 00629nam a22002177a 4500
003 OSt
005 20160517140932.0
008 150521b xxu||||| |||| 00| 0 eng d
020 _a0071378316
040 _cDNLM
082 _aWW 100 V465p 2008
100 _aRiordan-Eva Paul
_94802
245 _aVaughan & Asbury's General Ophthalmology /
_cPaul Riordan-Eva, John P. Whitcher
250 _a16th ed.
260 _aNew York:
_bMcGraw Hill;
_c2008
300 _axiii, 466 p :
_bill;
_c27 cm.
504 _aIncludes references and index
650 _aOphthalmology
_9338
700 _aWhitcher John P.
_94688
942 _2z
_cO_SHELF
999 _c4076
_d4076